Encyclopaedia of Dalits in India (Record no. 502313)

000 -LEADER
fixed length control field 00510cam a22001697a 4500
008 - FIXED-LENGTH DATA ELEMENTS--GENERAL INFORMATION
fixed length control field 180718b2004 xxu||||| |||| 00| 0 eng d
020 ## - INTERNATIONAL STANDARD BOOK NUMBER
International Standard Book Number 8126120843
082 ## - DEWEY DECIMAL CLASSIFICATION NUMBER
Classification number BA27055x54 R137
245 ## - TITLE STATEMENT
Title Encyclopaedia of Dalits in India
Statement of responsibility, etc. edited by Sanjay Paswan
260 ## - PUBLICATION, DISTRIBUTION, ETC.
Place of publication, distribution, etc. New Delhi
Name of publisher, distributor, etc. Anmol
Date of publication, distribution, etc. 2004
300 ## - PHYSICAL DESCRIPTION
Extent 407p.
500 ## - GENERAL NOTE
General note Contents: v.4. Leaders
650 ## - SUBJECT ADDED ENTRY--TOPICAL TERM
Topical term or geographic name entry element Scheduled castes and scheduled tribes -India
650 ## - SUBJECT ADDED ENTRY--TOPICAL TERM
Topical term or geographic name entry element Backward classes -India
650 ## - SUBJECT ADDED ENTRY--TOPICAL TERM
Topical term or geographic name entry element Dalits --India
700 ## - ADDED ENTRY--PERSONAL NAME
Personal name Paswan, Sanjay, ed.
Holdings
Withdrawn status Lost status Damaged status Not for loan Permanent Location Current Location Date acquired Full call number Barcode Date last seen Price effective from Koha item type
        Indian Institute of Public Administration Indian Institute of Public Administration 2018-08-04 BA27055x54 R137 GR18079 2018-08-04 2018-08-04 GR

Powered by Koha